000
00319nam a22001457a 4500
008
230124b ||||| |||| 00| 0 eng d
020
_a
9780133810516
041
_a
eng
080
_2
THIRD EDITION
_a
004
082
_a
004SAS
100
_a
18
101
_a
SHKJP
245
_a
TOP NOTCH 1
_c
SASLOW J
942
_2
udc
_c
BK
999
_c
59266
_d
59266